The cat is my grief today and other poems / (Record no. 39235)

MARC details
000 -LEADER
fixed length control field 00842nam a22002417a 4500
005 - DATE AND TIME OF LATEST TRANSACTION
control field 2010080409549.0
010 ## - LCCN (DPL NO)
LC control number ENG-98132
020 ## - INTERNATIONAL STANDARD BOOK NUMBER
International Standard Book Number 8126026928
Terms of availability 85.00
020 ## - INTERNATIONAL STANDARD BOOK NUMBER
International Standard Book Number 9788126026920
Terms of availability 85.00
035 ## - SYSTEM CONTROL NUMBER
System control number EN-81665
037 ## - SOURCE OF ACQUISITION
Source of stock number/acquisition DBAD/PUB
082 ## - DEWEY DECIMAL CLASSIFICATION NUMBER
Classification number 881
100 ## - MAIN ENTRY--PERSONAL NAME
Personal name Ramakrishnan, Kadammanitta
245 ## - TITLE STATEMENT
Title The cat is my grief today and other poems /
Statement of responsibility, etc by Kadammanitta Ramakrishnan; translated by PP Raveendran
260 ## - PUBLICATION, DISTRIBUTION, ETC. (IMPRINT)
Place of publication, distribution, etc New Delhi
Name of publisher, distributor, etc Sahitya Akademi
Date of publication, distribution, etc 2009
270 ## - ADDRESS
Address Rabindra Bhavan, 35., Ferozeshah Road
City New Delhi
Postal code 110001
300 ## - PHYSICAL DESCRIPTION
Extent xxviii,112p.
Dimensions 22cm (pbk)
650 ## - SUBJECT ADDED ENTRY--TOPICAL TERM
Topical term or geographic name as entry element Poems
650 ## - SUBJECT ADDED ENTRY--TOPICAL TERM
Topical term or geographic name as entry element Literature
700 ## - ADDED ENTRY--PERSONAL NAME
Personal name Raveendran, PP
9 (RLIN) 6059
942 ## - ADDED ENTRY ELEMENTS (KOHA)
Source of classification or shelving scheme Dewey Decimal Classification
Item type English Books
Classification part 881
Call number suffix RAM
Holdings
Withdrawn status Lost status Not for loan Collection code Home library Current library Date acquired Source of acquisition Cost, normal purchase price Full call number Barcode Copy number Cost, replacement price Koha item type
    Not For Loan Non-fiction D.B.Act.Division D.B.Act.Division 04/08/2010 DBAD/PUB 85.00 881 RAM EN-81665 1 85.00 English Books

© Delhi Public Library
Hit Counter
free hit counter